[Event "AUTO-ADV-3079"]
[Site "http://www.queenalice.com/game.php?id=1257478"]
[Date "2014.2.17"]
[Round "1"]
[White "cadinho10"]
[Black "C5"]
[Result "0-1"]
[WhiteElo "1863"]
[BlackElo "1924"]

1. e4 e5 2. Nf3 d6 3. h3 Nf6 4. Nc3 a6 5. d3 h6 6. Be2 Nc6 7. Be3 Be6 8. O-O Be7
9. a3 O-O 10. b4 d5 11. exd5 Nxd5 12. Nxd5 Bxd5 13. c4 Be6 14. Bc1 Bf6 15. Rb1
Nd4 16. Nxd4 exd4 17. Bb2 b6 18. Bf3 Rb8 19. Re1 Bf5 20. a4 c5 21. b5 axb5 22.
axb5 Re8 23. Be4 Bxe4 24. Rxe4 Rxe4 25. dxe4 Qe7 26. f3 Qe5 27. Ra1 Qf4 28. Ra7
Be5 29. Kf1 Qh2 30. Qd2 Bf4 31. Qf2 Be3 32. Qe1 Qg1+ 33. Ke2 Qxg2+ 34. Kd1 Qxb2
35. Ra1 Qxa1+ 36. Ke2 Qb2+ 37. Kf1 Ra8 0-1

[Event "AUTO-ADV-3079"]
[Site "http://www.queenalice.com/game.php?id=1257479"]
[Date "2014.2.17"]
[Round "1"]
[White "C5"]
[Black "cadinho10"]
[Result "1-0"]
[WhiteElo "1938"]
[BlackElo "1873"]

1. e4 e5 2. Nf3 d6 3. Bc4 h6 4. d4 exd4 5. Qxd4 Nc6 6. Qd1 Be7 7. h3 Nf6 8. Nc3
O-O 9. O-O a6 10. Bf4 Be6 11. Bxe6 fxe6 12. a3 e5 13. Be3 Na7 14. Bxa7 Rxa7 15.
Re1 Ra8 16. Nd5 Nxd5 17. Qxd5+ Kh8 18. b4 Qd7 19. Nxe5 Qc8 20. Ng6+ Kh7 21. Nxe7
Qd7 22. Nf5 Rab8 23. Re3 c6 24. Qd3 d5 25. Rae1 Rbd8 26. exd5 Rxf5 27. Re5 Rf8
28. Rxf5 Qxf5 29. Qxf5+ Rxf5 30. dxc6 bxc6 31. Re6 Rf6 32. Re5 Kg6 33. g3 Rf5
34. Re6+ Rf6 35. Rxf6+ Kxf6 36. f4 Kf5 37. Kf2 Ke4 38. Ke2 Kd4 39. f5 Kc3 40.
Kd1 Kb2 41. Kd2 Kxa3 42. Kc3 Ka4 43. Kc4 a5 44. bxa5 Kxa5 45. Kc5 Ka6 46. Kxc6
Ka7 47. Kc7 Ka6 48. c4 Ka7 49. c5 1-0

[Event "AUTO-ADV-3111"]
[Site "http://www.queenalice.com/game.php?id=1268727"]
[Date "2014.3.28"]
[Round "1"]
[White "whitecoat"]
[Black "cadinho10"]
[Result "0-1"]
[WhiteElo "1691"]
[BlackElo "1854"]

1. e4 e5 2. Nf3 Nf6 3. Bc4 d5 4. exd5 e4 5. Ng5 h6 6. Nh3 Bxh3 7. gxh3 Nxd5 8.
Qh5 c6 9. Bb3 Be7 10. c4 Nf6 11. Qe5 O-O 12. Rg1 Re8 13. d3 Bb4+ 14. Bd2 Bxd2+
15. Nxd2 Rxe5 0-1

[Event "AUTO-ADV-3111"]
[Site "http://www.queenalice.com/game.php?id=1268728"]
[Date "2014.3.28"]
[Round "1"]
[White "cadinho10"]
[Black "whitecoat"]
[Result "1-0"]
[WhiteElo "1860"]
[BlackElo "1704"]

1. e4 e6 2. d3 c5 3. Nf3 Nc6 4. Be2 Qc7 5. Be3 d6 6. O-O Nf6 7. c3 Be7 8. b3 b6
9. a4 a5 10. Bd2 Ba6 11. Na3 Ne5 12. d4 Nxf3+ 13. Bxf3 Bxf1 14. Qxf1 Rc8 15. Nb5
Qd7 16. c4 O-O 17. d5 e5 18. h3 h6 19. Qe1 Kh7 20. Bd1 Kg8 21. f4 Nh7 22. Bg4 f5
23. exf5 Qe8 24. f6 Bxf6 25. Nxd6 Qg6 26. f5 Qxg4 27. hxg4 Rcd8 28. Ne4 Rd7 29.
Nxf6+ Nxf6 30. Qxe5 Re8 31. Qh2 Nxg4 32. Qg3 Re4 33. Re1 Rde7 34. Rxe4 Rxe4 35.
Qb8+ Kh7 36. Qxb6 Re2 37. Bxa5 Rb2 38. Qg6+ 1-0

[Event "AUTO-ADV-3136"]
[Site "http://www.queenalice.com/game.php?id=1277646"]
[Date "2014.4.30"]
[Round "1"]
[White "barrai"]
[Black "cadinho10"]
[Result "1-0"]
[WhiteElo "1916"]
[BlackElo "1807"]

1. e4 e5 2. Bc4 Nf6 3. d3 h6 4. Nf3 d6 5. h3 Be7 6. O-O O-O 7. Nc3 c6 8. a4 a5
9. Ba2 b6 10. Ne2 Be6 11. c4 Nbd7 12. Ng3 b5 13. Nh4 Nxe4 14. Nhf5 Nxg3 15.
Nxe7+ Qxe7 16. fxg3 Nc5 17. cxb5 Bxa2 18. Rxa2 e4 19. d4 Nd3 20. Bd2 d5 21. bxc6
Qd6 22. Qc2 Rfc8 23. Ra3 Qxg3 24. Bf4 Qg6 25. Rc3 Nb4 26. Qb3 Rxc6 27. Rxc6 Nxc6
28. Qxd5 Rd8 29. Qa2 Nxd4 30. b3 Ne6 31. Bd2 Nd4 32. Bxa5 Rb8 33. Rb1 1-0

[Event "AUTO-ADV-3136"]
[Site "http://www.queenalice.com/game.php?id=1277647"]
[Date "2014.4.30"]
[Round "1"]
[White "cadinho10"]
[Black "barrai"]
[Result "0-1"]
[WhiteElo "1820"]
[BlackElo "1903"]

1. e4 c5 2. Bc4 e6 3. Nc3 a6 4. a3 b5 5. Ba2 d6 6. d3 Be7 7. Nf3 Bb7 8. Ne2 Nf6
9. b4 d5 10. exd5 exd5 11. O-O c4 12. dxc4 dxc4 13. Qxd8+ Bxd8 14. Ned4 O-O 15.
Bb2 Bb6 16. c3 Nbd7 17. Bb1 g6 18. Re1 Rfe8 19. Bc2 Nd5 20. Be4 N7f6 21. Bxd5
Nxd5 22. Ne5 Nf4 23. f3 f6 24. Nd7 Bxd4+ 25. cxd4 Ne2+ 26. Kf1 c3 27. Bxc3 Re3
28. Nxf6+ Kf7 29. Ne4 Bxe4 30. fxe4 Ng3+ 31. hxg3 Rxc3 32. Rec1 Rac8 33. Rxc3
Rxc3 34. Kf2 Ke6 35. a4 Rc4 0-1

[Event "AUTO-ADV-3136"]
[Site "http://www.queenalice.com/game.php?id=1277658"]
[Date "2014.4.30"]
[Round "1"]
[White "solzhenitsyn"]
[Black "cadinho10"]
[Result "1-0"]
[WhiteElo "2126"]
[BlackElo "1762"]

1. d4 e6 2. e4 d6 3. Nf3 a6 4. Bd3 Be7 5. O-O h6 6. Be3 Nf6 7. Re1 O-O 8. Nc3
Nfd7 9. Qd2 c5 10. dxc5 dxc5 11. Rad1 b5 12. Bf1 Nb6 13. Qxd8 Rxd8 14. Rxd8+
Bxd8 15. Bxc5 f6 16. Rd1 Nc6 17. Bxb6 Bxb6 18. Rd6 Bb7 19. Rd7 Rb8 20. a3 Bc8
21. Rd1 Kf8 22. b4 Ke7 23. g3 Bb7 24. Bh3 Rd8 25. Rxd8 Bxd8 26. Kf1 Kd6 27. Nd2
Nd4 28. Bg2 Bb6 29. e5+ Kc7 30. exf6 gxf6 31. Bxb7 Kxb7 32. Nce4 f5 33. Nc5+ Ka7
34. Ndb3 Bxc5 35. Nxc5 Nxc2 36. Nxe6 Nxa3 37. Nd4 Kb6 38. Nxf5 a5 39. bxa5+ 1-0

[Event "AUTO-ADV-3136"]
[Site "http://www.queenalice.com/game.php?id=1277659"]
[Date "2014.4.30"]
[Round "1"]
[White "cadinho10"]
[Black "solzhenitsyn"]
[Result "0-1"]
[WhiteElo "1760"]
[BlackElo "2127"]

1. e4 c5 2. Bc4 Nc6 3. c3 e6 4. Nf3 g6 5. O-O Bg7 6. a3 Nf6 7. d3 O-O 8. b4 cxb4
9. axb4 d5 10. exd5 exd5 11. Ba2 Bg4 12. h3 Bd7 13. Bb2 d4 14. c4 Bf5 15. b5 Nb4
16. Nxd4 Nxd3 17. Bc3 Nh5 18. Nxf5 Bxc3 19. Nxc3 gxf5 20. Nd5 Ndf4 21. Nxf4 Qxd1
22. Rfxd1 Nxf4 23. Rd2 Ne6 24. Rc1 Nc5 25. Rd5 b6 26. Rxf5 Rad8 27. Rc3 Rd1+ 28.
Kh2 Kh8 29. Re3 Rd2 30. Bb1 Rd1 31. Bc2 Rd2 32. Be4 Rd4 33. Bd5 f6 34. Ref3 Rd3
35. Rxf6 Rxf3 36. Rxf3 Rxf3 37. Bxf3 Kg7 38. g4 Kf6 39. Bd5 h6 0-1

[Event "AUTO-ADV-3136"]
[Site "http://www.queenalice.com/game.php?id=1277664"]
[Date "2014.4.30"]
[Round "1"]
[White "Josecarlos"]
[Black "cadinho10"]
[Result "1-0"]
[WhiteElo "1812"]
[BlackElo "1821"]

1. e4 e5 2. Nf3 d6 3. c4 Nf6 4. Be2 Be7 5. Nc3 c6 6. O-O O-O 7. b3 b6 8. d3 h6
9. Bb2 Bb7 10. h3 Re8 11. a4 a6 12. d4 exd4 13. Qxd4 Nbd7 14. Rad1 c5 15. Qe3
Qc7 16. Nd5 Nxd5 17. cxd5 b5 18. axb5 axb5 19. Nh2 Bf6 20. Bc1 Ne5 21. Qg3 Bg5
22. f4 Bf6 23. fxe5 Bxe5 24. Bf4 Bxf4 25. Qxf4 Ba6 26. Ng4 b4 27. Bxa6 Rxa6 28.
Rf3 Ra7 29. Rdf1 Rea8 30. Qg3 Qb6 31. Nxh6+ Kh7 32. Nxf7 c4+ 33. Kh1 g6 34. Nxd6
Ra1 35. Rf7+ Kh8 36. Qh4+ Kg8 37. Qh7# 1-0

[Event "AUTO-ADV-3136"]
[Site "http://www.queenalice.com/game.php?id=1277665"]
[Date "2014.4.30"]
[Round "1"]
[White "cadinho10"]
[Black "Josecarlos"]
[Result "1-0"]
[WhiteElo "1805"]
[BlackElo "1828"]

1. e4 e5 2. Nf3 Nf6 3. Bc4 d5 4. exd5 Nxd5 5. Nxe5 f6 6. Qh5+ g6 7. Nxg6 hxg6 8.
Qxh8 Qe7+ 9. Kf1 Be6 10. d3 Nc6 11. c3 O-O-O 12. Qh4 Re8 13. Bd2 g5 14. Qe4 a6
15. Na3 Rd8 16. Re1 Ne5 17. Bb3 Qd7 18. d4 Bf5 19. Qxd5 Qxd5 20. Bxd5 Rxd5 21.
f4 Ng6 22. fxg5 Bd3+ 23. Kg1 fxg5 24. Nb1 c5 25. h3 cxd4 26. cxd4 Rxd4 27. Bxg5
Bc5 28. Kh2 Bb5 29. Be3 Rd5 30. Bxc5 Rxc5 31. Rc1 b6 32. Rxc5+ bxc5 33. Nc3 Bc6
34. Rf1 Kb7 35. g4 Ne5 36. Kg3 c4 37. g5 Ng6 38. h4 Be8 39. h5 Ne5 40. Re1 Nd3
41. Rxe8 Nxb2 42. h6 1-0